000 00741nam a22002057a 4500
005 20251108173000.0
008 250721s9999 xx 000 0 ara d
082 1 4 _a210.423046/نوف
100 1 _aنوفل، يوسف يونس
245 1 0 _aالبيئة السكانية مخاض فطري .........رزق سماوي /
264 1 _aالمنصورة :
_bمكتبة جزيرة الورد،
300 _a80 ص
490 0 _aدائرة معارف بيئتنا الحضارية سفينتنا الربانية نحو فقه إسلامي معاصر
650 1 7 _aالإسلام
650 1 7 _aالبيئة
650 1 7 _aالسكان
650 1 7 _aالحقوق المدنية و السكانية
942 _2ddc
_cBK
999 _c93309
_d93309